000 00974nam a2200253Ia 4500
003 OSt
005 20221005112216.0
006 a|||||r|||| 00| 0
007 ta
008 221004b |||||||| |||| 00| 0 pan d
020 _a9788171436125 (hbk)
_cINR 300.00
024 _a32199
037 _b785, 27/02/2017, H.K. Prakashan
_cTextual
040 _aCRL
_cCRL
_bpan
041 _2pan
_apan
082 _aO153,2NDH:g, Q4
100 _aਹੰੁਦਲ, ਗੁਰਮੀਤ ਸਿੰਘ, ਂਚ.
_9156325
245 0 _aਕੇਵਲ ਧਾਲੀਵਾਲ ਦੀਆਂ ਨਾਟ-ਜੁਗਤਾਂ
260 _aਅੰਮ੍ਰਿਤਸਰ
_bਰਵੀ ਸਾਹਿਤ ਪ੍ਰਕਾFਨ ਭਾਰਤ
_c2014
300 _a208ਪ੍ਰ0
_ccm.
650 _a ਪੰਜਾਬੀ ਨਾਟਕ
942 _hO153,2NDH:g, Q4
_cTEXL
_2cc
999 _c1024199
_d1024199